| 000 | 00855nam a2200181 i 4500 | ||
|---|---|---|---|
| 001 | 172986 | ||
| 003 | ES-MaACL | ||
| 005 | 20251011063154.0 | ||
| 008 | 091002s1877 sp |||| | spa d | ||
| 080 | _a821.134.2-2"18" | ||
| 100 | 1 |
_aCavestany, Juan Antonio, _d1861-1924 _937192 |
|
| 245 | 1 | 3 |
_aEl esclavo de su culpa _b: comedia en tres actos y en verso / _coriginal de Juan Antonio Cavestany. |
| 260 |
_aMadrid : _b[s.n.], _c1877 ( _fImp. de José Rodríguez) |
||
| 300 |
_a98 p. ; _c18 cm. |
||
| 500 | _aEn port.: Representada por primera vez en el teatro Español el día 13 de diciembre de 1877. | ||
| 852 |
_aES-MaACL _jF-8601(4) _q.- Falto de la cub. original _z.- Enc. en vol. facticio formando parte de la col. facticia "Teatro español moderno", vol. 54 _z.- Firma manuscrita de Gustavo Sáenz Diez, 1878 |
||
| 999 |
_c172986 _d172986 |
||